000 00554nam a22001937a 4500
005 20230912142439.0
010 _aENG-137937
020 _a9788193618509
_c495.00
035 _aEN-121469
037 _bDBAD/PUB
082 _a658.0072
100 _aDangi, H.K
_956421
245 _aBusiness Research Cases/
_cH.K Dangi
260 _aGhaziabad
_bIndex International
_c2023
270 _bGhaziabad
_e201012
_aA-80 002, Olive country
300 _a168p.
_c22(Pbk)
700 _aMalik,Anuradha
_955769
942 _2ddc
_cEN
_h658.0072
_mDAN
999 _c197761
_d197761